000 00945nam a2200229Ia 4500
003 OSt
005 20200819162659.0
008 191128s1946 mx ad gr 000 0 spa d
040 _aCo-JMCR
_cCo-JMCR
041 0 _aspa
082 0 4 _a368.4 /
_bB282b
_223
100 1 _aBeveridge, William,
_e autor
_98926
245 1 4 _aLas Bases de la Seguridad Social /
_cSir William Beveridge ; versión española de Teodoro Ortiz
250 _aSegunda edición
260 _aMéxico :
_bFondo de Cultura Económico,
_c1946
300 _a272 páginas :
_b ilustraciones a blanco y negro ;
_c22 cm.
505 0 _aGobierno para la guerra -- Un nuevo espíritu para la guerra total -- Significado de la guerra total -- Las cinco reglas cristianas -- Deben desaparecer desigualdades extremas en riqueza y poseciones
650 2 4 _aIgualdad social
_98927
650 2 4 _aOcupación social
_98928
700 1 _aOrtiz, Teodoro,
_etraductor
_98929
942 _2ddc
_cBK
999 _c6009
_d6009